002540000a22001210004500050000800000060000800008082001200016100002200028245003300050260003200083260000900115300000800124 a010 a100 a339 MAN aMankin, Gregory N aPrinciples of macroeconomics aNew Delhi, Cengage learning c2012 a551